000
00223 a2200097 4500
001
8734
100
_a
Mufti Muhammad Shaffi
245
_a
Jadeed masail key shary Ahkam
260
_a
_b
Darul Ishagat
_c
090
_c
7037
_d
7037
942
_a
NUST-CAE
_c
M
_c
33642
999
_c
243807
_d
243807